Central African Capitals - Statistics

General Stats
  • This quiz has been taken 2,112 times
  • The average score is 8 of 11
Answer Stats
Hint Answer % Correct
Sao Tome & Principe Sao Tome
89%
Democratic Republic of the Congo Kinshasa
82%
Republic of the Congo Brazzaville
81%
Angola Luanda
77%
Chad N'Djamena
69%
Rwanda Kigali
68%
Gabon Libreville
67%
Cameroon Yaounde
66%
Central African Republic Bangui
61%
Equatorial Guinea Malabo
53%
Burundi Bujumbura
40%
No matching quizzes found
Score Distribution
Percent of People with Each Score
Percentile by Number Answered
Your Score History
You have not taken this quiz